Zadači vstupiteľlennych ekzamenov po matematike

Saved in:
Bibliographic Details
Main Authors: Nesterenko, Ju.V (Author), Olechnik, S.N (Author), Potapov, M.K (Author)
Format: Book
Language:Russian
Published: Moskva : Nauka, 1986
Edition:3.izd.
Tags: Add Tag
No Tags, Be the first to tag this record!

MARC

LEADER 00000nam a22000003a 4500
001 stu85200
005 20150617225631.4
008 040324s1986------------------------rus-d
040 |a STU  |b slo 
041 0 |a rus 
080 |a 51(075.4) 
100 1 |a Nesterenko, Ju.V.  |4 aut  |9 34 
245 1 |a Zadači vstupiteľlennych ekzamenov po matematike 
250 |a 3.izd. 
260 |a Moskva :  |b Nauka,  |c 1986 
300 |a 511 s 
700 1 |a Olechnik, S.N.  |4 aut  |9 33 
700 1 |a Potapov, M.K.  |4 aut  |9 33 
996 |b E60311  |c E*60311  |l EE03  |s P  |a 0  |w stu85200_0001